Ideales santos y presencia celestial en el mundo (Record no. 144411)
[ view plain ]
| 000 -LEADER | |
|---|---|
| campo de control de longitud fija | 00793nam a2200193 4500 |
| 001 - NÚMERO DE CONTROL | |
| campo de control | 144411 |
| 003 - IDENTIFICADOR DE NÚMERO DE CONTROL | |
| campo de control | ES-MaACL |
| 005 - FECHA Y HORA DE LA ÚLTIMA TRANSACCIÓN | |
| campo de control | 20250927160129.0 |
| 007 - CAMPO FIJO DE DESCRIPCIÓN FÍSICA--INFORMACIÓN GENERAL | |
| campo de control de longitud fija | t| |
| 008 - DATOS DE LONGITUD FIJA--INFORMACIÓN GENERAL | |
| campo de control de longitud fija | 070214s1969 sp r ||||1| spa d |
| 100 1# - ENTRADA PRINCIPAL--NOMBRE DE PERSONA | |
| Nombre de persona | Siri, José. |
| 9 (RLIN) | 106677 |
| 245 10 - MENCIÓN DEL TÍTULO | |
| Título | Ideales santos y presencia celestial en el mundo |
| Resto del título | : mensaje pastoral y doctrinal de S. E. el Cardenal José Siri, arzobispo de Génova / |
| Mención de responsabilidad, etc. | [traducción de la versión francesa por D. Juan Bonelli Rubio ; cotejada con el original italiano por D. Luis Ruiz Galiana]. |
| 260 ## - PUBLICACIÓN, DISTRIBUCIÓN, ETC. | |
| Lugar de publicación, distribución, etc. | Madrid : |
| Nombre del editor, distribuidor, etc. | [s. n.], |
| Fecha de publicación, distribución, etc. | 1969 ( |
| Fabricante | Imp. Pablo López) |
| 300 ## - DESCRIPCIÓN FÍSICA | |
| Extensión | 60 p. ; |
| Dimensiones | 22 cm. |
| 700 1# - ENTRADA AGREGADA--NOMBRE PERSONAL | |
| Nombre de persona | Bonelli Rubio, Juan María, |
| Fechas asociadas al nombre | 1904-1981 |
| 9 (RLIN) | 30103 |
| 700 1# - ENTRADA AGREGADA--NOMBRE PERSONAL | |
| Nombre de persona | Ruiz Galiana, Luis. |
| 9 (RLIN) | 100810 |
| 852 ## - LOCALIZACIÓN | |
| Ubicación | ES-MaACL |
| Número de control de estantería | C-48529 |
| Sublocalización o colección | R.68817 |
| Estatus retirado | Estado de pérdida | Estado de daño | No para préstamo | Biblioteca de origen | Biblioteca actual | Ubicación en estantería | Fecha de adquisición | Fuente de adquisición | Total de préstamos | Signatura topográfica completa | Código de barras | Visto por última vez | Precio de reemplazo | Tipo de ítem Koha |
|---|---|---|---|---|---|---|---|---|---|---|---|---|---|---|
| Biblioteca del Ateneo de Madrid | Biblioteca del Ateneo de Madrid | Depósito 2 | 17/01/2008 | C-48529 | 1150251 | 23/02/2023 | 23/02/2023 | Libro impreso |
